000 00686nam a2200229 a 4500
001 000018932
005 20200929165902.0
008 980326s1967 ag 000 f spa d
040 _aDO-SdBNP
_bspa
_cBNPHU
082 _aG863.4
_bA859se, 1967
100 1 _aAsturias, Miguel Ángel,
_d1899-1974
_95391
245 1 3 _aEl señor presidente /
_cMiguel Ángel Asturias.
250 _a7a ed.
260 _aBuenos Aires :
_bLosada,
_c1967.
300 _a274,[8] p. ;
_c21 cm.
490 1 _aNovelistas de nuestra época
650 4 _aNovela guatemalteca
_95392
650 4 _aLiteratura guatemalteca
_95393
830 0 _aNovelistas de nuestra época
_95394
910 _aWM
049 _aBNGR
999 _c18450
_d18450